Slovenské výtvarné umenie 1923-1950 zo zbierky Slovenskej sporiteľne /

Saved in:
Bibliographic Details
Corporate Author: Galéria ARPEX - Ing. Jaroslava Francisciová (Compiler)
Format: Book
Language:Slovak
Published: Bratislava : Slovenská sporitelňa, 1992
Edition:1. vydanie
Subjects:
Tags: Add Tag
No Tags, Be the first to tag this record!

MARC

LEADER 00000nam a22000003a 4500
001 0082769
003 SK-STU
005 20200807170226.2
007 ta
008 200807s ----xo-----e------000-0-----d
020 |a 80-901413-0-7 
040 |a STU  |b slo 
041 0 |a slo 
044 |a xo 
110 2 |a Galéria ARPEX - Ing. Jaroslava Francisciová  |4 com 
245 1 0 |a Slovenské výtvarné umenie 1923-1950 zo zbierky Slovenskej sporiteľne /  |c Dagmar Srnenská 
250 |a 1. vydanie 
260 |a Bratislava :  |b Slovenská sporitelňa,  |c 1992 
300 |a nestr. 
650 0 7 |a výtvarné umenie 
650 0 7 |a Slovensko 
650 0 7 |a 20. storočie 
700 1 |a Srnenská, Dagmar  |4 lso 
996 |b 284AU08475  |c A* 11735/U  |l AAKNAR  |s A  |a 24  |w 0082769_0001